000 00632nam a2200205 i 4500
001 34594
003 ES-MaACL
005 20230906154949.0
007 t|
008 030207s1923 fr ||||1| fre d
100 1 _aBoigey, Maurice.
_929844
245 1 3 _aLa science des couleurs et l'art du peintre /
_cpar Maurice Boigey ; preface de J.F. Bouchor.
260 _aParis :
_bFélix Alcan,
_c1923 (
_eEvreux :
_fCh. Herissey)
300 _aVI, 176 p. ;
_c21 cm.
490 1 _aArt et esthétique
700 1 _aBouchor, J. F.
_930841
830 0 _aArt et esthétique
_9182920
852 _aES-MaACL
_jF-1140
999 _c34594
_d34594